|
|
|
|
| LEADER |
01295nab#a2200349#ar4500 |
| 001 |
000072891 |
| 003 |
SVKKK |
| 005 |
20030415xxxxxxx. |
| 008 |
06 c xo huno |
| FMT |
|
|
|
| 038 |
|
|
|a SVKKK
|
| 040 |
|
|
|a SVKKK
|b slo
|e AACR2
|
| 041 |
0 |
|
|a hun
|
| 044 |
|
|
|a xo
|c SK
|
| 080 |
|
|
|a 371.213
|
| 242 |
1 |
0 |
|a Preloženia
|
| 245 |
0 |
0 |
|a Áthelyezések
|
| 500 |
|
|
|a mikrofilm
|
| 520 |
2 |
|
|a Správa o tom, že učiteľ štátnej meštianskej školy v Humennom Ľudovít (Lajos) Ugray ukončil pôsobenie v Humennom v júli 1908 a bol premiestnený do mesta Novi Sad (YU). Na jeho miesto prišiel Lazar Berényi z Revúcej.
|
| 650 |
0 |
4 |
|a Berényi, Lazar (profesor stredoškolský) - Revúca (RV) - pôsobenie ukončené - Humenné - vymenovanie úradné - júl 1908 - správy
|
| 650 |
0 |
4 |
|a Ugray, Ľudovít (učiteľ stredoškolský) - štátna meštianska škola, Humenné - pôsobenie ukončené - Novi Sad (YU) - preloženie
|
| 773 |
0 |
|
|t Felvidéki Hirlap : Közgazdasági, társadalmi és szépirodalmi hetilap
|g Roč. 1, č. 20 (26.07.1908) s. 3
|
| 957 |
|
|
|a Humenné
|
| 957 |
|
|
|a Novi Sad (YU)
|
| 957 |
|
|
|a Revúca
|
| 957 |
|
|
|a Ujvidék pozri Novi Sad
|
| 958 |
|
|
|a DG
|
| 958 |
|
|
|a SK
|
| 974 |
|
|
|a Ba
|d 20030415
|
| 992 |
|
|
|a RBX
|
| BAS |
|
|
|
| 998 |
|
|
|a RETRO
|